Central Library OPAC University of Rajshahi

Census of Agriculture - 1996 : (Record no. 62132)

MARC details
000 -LEADER
fixed length control field 00839nam a2200253 a 4500
001 - CONTROL NUMBER
control field 62132
003 - CONTROL NUMBER IDENTIFIER
rucl marc code BD-RjUL
005 - DATE AND TIME OF LATEST TRANSACTION
control field 20211209081039.0
008 - FIXED-LENGTH DATA ELEMENTS--GENERAL INFORMATION
fixed length control field 170123s2001 bg 00010 eng d
020 ## - INTERNATIONAL STANDARD BOOK NUMBER
International Standard Book Number 9845083897
Terms of availability : Complimentary
035 ## - SYSTEM CONTROL NUMBER
System control number (BD-RjUL)62257
040 ## - CATALOGING SOURCE
Original cataloging agency BD-RjUL
Language of cataloging eng
Modifying agency BD-RjUL
Transcribing agency BD-RjUL
041 ## - LANGUAGE CODE
Language code of text/sound track or separate title eng
082 ## - DEWEY DECIMAL CLASSIFICATION NUMBER
Edition number 23
Classification number 630.95492021
Author mark and year NOA 2001 (ZS)
110 ## - MAIN ENTRY--CORPORATE NAME
Corporate name or jurisdiction name as entry element Bangladesh Bureau of Statistics
9 (RLIN) 179266
245 10 - TITLE STATEMENT
Title Census of Agriculture - 1996 :
Remainder of title Zila Series: Noakhali /
Statement of responsibility, etc. Bangladesh Bureau of Statistics
260 ## - PUBLICATION, DISTRIBUTION, ETC. (IMPRINT)
Place of publication, distribution, etc. Dhaka :
Name of publisher, distributor, etc. BBS,
Date of publication, distribution, etc. 2001
300 ## - PHYSICAL DESCRIPTION
Pagination xiv, 295 p. :
Illustrations ill. ;
Size 28 cm.
490 ## - SERIES STATEMENT
Series statement Zila Series: Noakhali
500 ## - GENERAL NOTE
General note Chiefly statistical tables.
650 ## - SUBJECT ADDED ENTRY--TOPICAL TERM
Topical term or geographic name as entry element Agriculture
Geographic subdivision Bangladesh
-- Noakhali
Form subdivision Statistics.
Chronological subdivision 1996
9 (RLIN) 184848
830 ## - SERIES ADDED ENTRY--UNIFORM TITLE
Uniform title Zila Series: Noakhali
942 ## - ADDED ENTRY ELEMENTS (KOHA)
Source of classification or shelving scheme Dewey Decimal Classification
Koha item type Rare Books
Holdings
Lost status Source of classification or shelving scheme Damaged status Not for loan Collection code Permanent Location Current Location Shelving location Date acquired Source of acquisition Total Checkouts Full call number Date last seen Copy number Koha item type
  Dewey Decimal Classification   Not For Loan Rare Books Central Library, University of Rajshahi Central Library, University of Rajshahi Rare Book Section 08/10/2001 Dhaka, BBS   RA 630.95492021 NOA 2001(ZS) 23/01/2017 C-1 Rare Books